[Event "Portugal ch 2011"]
[Site "Amadora POR"]
[Date "2011.09.07"]
[Round "5.3"]
[White "Neves, Pedro Alexandre Mai"]
[Black "Cordovil, Joao Maria Da Camar"]
[Result "1/2-1/2"]
[PlyCount "138"]
[EventDate "2011.09.03"]
[EventType "tourn"]
[EventRounds "9"]
[EventCountry "POR"]
[EventCategory "1"]
[Source "lmi"]
[SourceDate "2011.09.03"]
[WhiteElo "2218"]
[BlackElo "2184"]

1. e4 d6 2. d4 g6 3. Be3 Bg7 4. c4 Nf6 5. f3 O-O 6. Nc3 b6 7. Qd2 c5 8. d5 e5
9. dxe6 Bxe6 10. h4 Nc6 11. g4 Ne5 12. O-O-O Nxc4 13. Bxc4 Bxc4 14. Bh6 b5 15.
h5 b4 16. Nd5 Bxd5 17. exd5 Qd7 18. Ne2 Bh8 19. Bxf8 Rxf8 20. Ng3 Qa4 21. Kb1
c4 22. g5 c3 23. Qc2 Qxc2+ 24. Kxc2 Nd7 25. bxc3 Bxc3 26. Ne4 Be5 27. Kd3 Rb8
28. Ke3 b3 29. f4 Bb2 30. axb3 Rxb3+ 31. Rd3 Rb6 32. Kd2 f5 33. gxf6 Nxf6 34.
Nxf6+ Bxf6 35. hxg6 hxg6 36. Ra3 Rb5 37. Rxa7 Rxd5+ 38. Ke2 Rf5 39. Rc1 Bg7 40.
Rc8+ Bf8 41. Ke3 g5 42. fxg5 Rxg5 43. Rd7 Rf5 44. Rxd6 Kg7 45. Rd7+ Rf7 46.
Rxf7+ Kxf7 47. Kf4 Bd6+ 48. Kf5 Ke7 49. Rh8 Kd7 50. Rh7+ Kc6 51. Ke6 Bc5 52.
Rh1 Ba7 53. Rc1+ Kb7 54. Kd6 Bb8+ 55. Kd7 Ba7 56. Rb1+ Ka8 57. Kc7 Bd4 58. Re1
Bf2 59. Ra1+ Ba7 60. Rf1 Bb8+ 61. Kc8 Ba7 62. Rf4 Bb8 63. Rb4 Ba7 64. Kc7 Bf2
65. Rg4 Be3 66. Rh4 Bf2 67. Rh3 Bd4 68. Ra3+ Ba7 69. Kc6 Kb8 1/2-1/2

[Event "Portugal ch 2011"]
[Site "Amadora POR"]
[Date "2011.09.07"]
[Round "5.4"]
[White "Ulyanovskyy, Volodimir V"]
[Black "Fernandes, Antonio Manuel De A"]
[Result "0-1"]
[PlyCount "152"]
[EventDate "2011.09.03"]
[EventType "tourn"]
[EventRounds "9"]
[EventCountry "POR"]
[EventCategory "1"]
[Source "lmi"]
[SourceDate "2011.09.03"]
[WhiteElo "2085"]
[BlackElo "2409"]

1. e4 d6 2. d4 Nf6 3. f3 g6 4. Be3 Bg7 5. Qd2 c6 6. Nc3 h5 7. O-O-O b5 8. Nh3
Qa5 9. Kb1 Nbd7 10. Nd5 Qxd2 11. Nxf6+ Bxf6 12. Rxd2 Rb8 13. Be2 Nb6 14. Nf2
Nc4 15. Bxc4 bxc4 16. c3 Rb5 17. Kc1 Bb7 18. Kd1 O-O 19. Ke2 Rb8 20. Nd1 Bc8
21. Kf2 Bg7 22. Re1 a6 23. Rde2 Ra5 24. a3 Rab5 25. Bc1 e6 26. Bf4 Bf8 27. Ne3
e5 28. Bg3 f6 29. dxe5 fxe5 30. Nd1 Bh6 31. Rc2 Be6 32. Kf1 R5b7 33. Bf2 Kf7
34. Be3 Bxe3 35. Rxe3 g5 36. Rd2 Ke7 37. g3 Rf8 38. Rf2 Kd8 39. Ree2 Bh3+ 40.
Ke1 Rbf7 41. Re3 Kc7 42. Ke2 Kb6 43. Ke1 Kc5 44. f4 exf4 45. gxf4 g4 46. f5 d5
47. exd5 cxd5 48. Re5 g3 49. hxg3 Bxf5 50. Ne3 Be4 51. Rxf7 Rxf7 52. Rxh5 Rf3
53. Nf1 Bd3 54. Rh1 Kb5 55. g4 Ka4 56. Nd2 Rg3 57. Rh5 Rg1+ 58. Kf2 Rd1 59. Ke3
Re1+ 60. Kd4 Re2 61. Nf3 Be4 62. Ne5 Kb3 63. g5 Kxb2 64. Rh3 Rg2 65. Nxc4+ dxc4
66. Kxe4 Rxg5 67. Kd4 Rg4+ 68. Kc5 Kxa3 69. Rh6 Kb3 70. Rh3 a5 71. Rh1 a4 72.
Rb1+ Kxc3 73. Rc1+ Kb2 74. Rh1 c3 75. Rh8 c2 76. Rb8+ Ka3 0-1

[Event "Portugal ch 2011"]
[Site "Amadora POR"]
[Date "2011.09.07"]
[Round "5.5"]
[White "Pinho, Paulo Miguel L Gome"]
[Black "Padeiro, Jose Joao Tato"]
[Result "0-1"]
[PlyCount "80"]
[EventDate "2011.09.03"]
[EventType "tourn"]
[EventRounds "9"]
[EventCountry "POR"]
[EventCategory "1"]
[Source "lmi"]
[SourceDate "2011.09.03"]
[WhiteElo "2168"]
[BlackElo "2301"]

1. d4 e6 2. c4 Bb4+ 3. Bd2 a5 4. g3 Nf6 5. Bg2 O-O 6. Nf3 d6 7. O-O Bxd2 8.
Qxd2 Qe7 9. Nc3 c6 10. Rfd1 Nbd7 11. Rac1 Re8 12. Rc2 Rb8 13. b3 b5 14. cxb5
cxb5 15. a4 bxa4 16. bxa4 Ba6 17. Rdc1 Rec8 18. Nd1 Rxc2 19. Rxc2 Qd8 20. Rc6
Bb7 21. Rc1 Nd5 22. Ng5 N5f6 23. Bxb7 Rxb7 24. Nb2 h6 25. Nf3 Rc7 26. Kg2 Qc8
27. Rxc7 Qxc7 28. Qd3 Nd5 29. Qb5 Nc3 30. Qa6 Nf6 31. e3 Nfd5 32. Nc4 Nxa4 33.
Nxa5 Nab6 34. Qb5 Kh7 35. h4 Qc2 36. Qb3 Qe4 37. Nc4 Nxc4 38. Qxc4 g5 39. hxg5
hxg5 40. Kg1 Qxf3 0-1

[Event "Portugal ch 2011"]
[Site "Amadora POR"]
[Date "2011.09.08"]
[Round "6.1"]
[White "Guerra, Vitor Manuel Vestia"]
[Black "Padeiro, Jose Joao Tato"]
[Result "0-1"]
[PlyCount "136"]
[EventDate "2011.09.03"]
[EventType "tourn"]
[EventRounds "9"]
[EventCountry "POR"]
[EventCategory "1"]
[Source "lmi"]
[SourceDate "2011.09.03"]
[WhiteElo "2202"]
[BlackElo "2301"]

1. d4 c5 2. d5 e5 3. e4 d6 4. Bd3 Be7 5. Nd2 Bg5 6. Ne2 Ne7 7. O-O O-O 8. a4
Ng6 9. c3 Nd7 10. b4 cxb4 11. cxb4 Nf6 12. Ba3 Bxd2 13. Qxd2 Nh5 14. b5 Nhf4
15. Nxf4 Nxf4 16. f3 f5 17. Bc2 fxe4 18. Bxe4 Bf5 19. Kh1 Bxe4 20. fxe4 Qd7 21.
Rf3 Nh5 22. Raf1 Rxf3 23. Rxf3 Nf6 24. Qb4 Rd8 25. h3 Qf7 26. Qc4 h6 27. a5 Kh7
28. b6 axb6 29. axb6 Qd7 30. Rc3 Ra8 31. Qc7 Qb5 32. Rf3 Qb1+ 33. Kh2 Qxe4 34.
Bxd6 Ra2 35. Bf8 Nh5 36. Qf7 Qg6 37. Qxg6+ Kxg6 38. Bd6 Rd2 39. Bxe5 Rxd5 40.
Bc7 Nf6 41. Ra3 Nd7 42. Ra7 Nc5 43. Bg3 Rd7 44. Ra5 Ne6 45. Ra8 Kf7 46. Be5 Rd5
47. Bc7 Nc5 48. Rc8 Ke6 49. Bf4 Na6 50. Kg1 Rd7 51. Kf2 Nb4 52. Re8+ Kd5 53.
Ke2 Kc6 54. Re6+ Kb5 55. Bxh6 gxh6 56. Rxh6 Nc6 57. g4 Kxb6 58. h4 Kc5 59. Ke3
b5 60. Rf6 b4 61. g5 b3 62. g6 b2 63. Rf1 Kc4 64. h5 Ne7 65. Kf4 Rd5 66. Kg4
Kb3 67. Rh1 Ka2 68. h6 Nxg6 0-1

[Event "Portugal ch 2011"]
[Site "Amadora POR"]
[Date "2011.09.08"]
[Round "6.2"]
[White "Fernandes, Antonio Manuel De A"]
[Black "Pinho, Paulo Miguel L Gome"]
[Result "1-0"]
[PlyCount "81"]
[EventDate "2011.09.03"]
[EventType "tourn"]
[EventRounds "9"]
[EventCountry "POR"]
[EventCategory "1"]
[Source "lmi"]
[SourceDate "2011.09.03"]
[WhiteElo "2409"]
[BlackElo "2168"]

1. d4 f5 2. c4 Nf6 3. Nf3 g6 4. g3 Bg7 5. Bg2 O-O 6. O-O d6 7. Nc3 e6 8. Qc2
Qe7 9. Rd1 c6 10. e4 e5 11. c5 dxc5 12. dxe5 Ng4 13. Bg5 Qf7 14. Bf4 h6 15. h3
g5 16. e6 Bxe6 17. Bd6 Re8 18. hxg4 fxe4 19. Nxe4 Bxg4 20. Bxb8 Rexb8 21. Nd6
Qh5 22. Nf5 Bxf5 23. Qxf5 Rf8 24. Qe6+ Qf7 25. Re1 Rad8 26. g4 Qxe6 27. Rxe6
Rd3 28. Re3 c4 29. Rxd3 cxd3 30. Rd1 Rd8 31. b3 Bc3 32. Nd2 Rd4 33. f3 b5 34.
Bf1 Ba5 35. Ne4 d2 36. Kf2 Rd8 37. Ke2 Re8 38. Kd3 Rd8+ 39. Kc2 Rf8 40. Be2 Kg7
41. Nxd2 1-0

[Event "Portugal ch 2011"]
[Site "Amadora POR"]
[Date "2011.09.08"]
[Round "6.3"]
[White "Cordovil, Joao Maria Da Camar"]
[Black "Ulyanovskyy, Volodimir V"]
[Result "1-0"]
[PlyCount "103"]
[EventDate "2011.09.03"]
[EventType "tourn"]
[EventRounds "9"]
[EventCountry "POR"]
[EventCategory "1"]
[Source "lmi"]
[SourceDate "2011.09.03"]
[WhiteElo "2184"]
[BlackElo "2085"]

1. e4 c5 2. Nf3 d6 3. d4 cxd4 4. Nxd4 Nf6 5. Nc3 a6 6. Bg5 e6 7. f4 Be7 8. Qf3
Qc7 9. O-O-O Nbd7 10. Bxf6 Nxf6 11. Kb1 b5 12. e5 Bb7 13. Qg3 dxe5 14. fxe5 Nh5
15. Qe3 g6 16. Be2 Ng7 17. Bf3 O-O 18. g4 Bxf3 19. Nxf3 f6 20. exf6 Bxf6 21.
Ne4 Be7 22. Nd4 Rac8 23. h4 e5 24. Ne2 Qxc2+ 25. Ka1 Bc5 26. Nxc5 Qxc5 27. Qh6
Qe7 28. Ng3 Rc4 29. h5 g5 30. Qxa6 Rxg4 31. h6 Ne6 32. Ne2 b4 33. Qb5 Nc7 34.
Qc6 Ra8 35. Nc1 Rd4 36. Rxd4 exd4 37. Qc4+ Qf7 38. Qxd4 b3 39. Nxb3 Ne6 40. Qe5
Rf8 41. a3 Qf6 42. Qd5 Kh8 43. Nc5 Nf4 44. Qb3 Ne2 45. Qe3 Nd4 46. Qe4 Rb8 47.
Re1 Nf3 48. Re2 Rd8 49. Nd7 Qf7 50. Qe7 Qxe7 51. Rxe7 Kg8 52. Rg7+ 1-0

[Event "Portugal ch 2011"]
[Site "Amadora POR"]
[Date "2011.09.08"]
[Round "6.4"]
[White "Dias, Paulo Jorge Guimara"]
[Black "Neves, Pedro Alexandre Mai"]
[Result "1/2-1/2"]
[PlyCount "124"]
[EventDate "2011.09.03"]
[EventType "tourn"]
[EventRounds "9"]
[EventCountry "POR"]
[EventCategory "1"]
[Source "lmi"]
[SourceDate "2011.09.03"]
[WhiteElo "2443"]
[BlackElo "2218"]

1. c4 Nf6 2. Nf3 g6 3. Nc3 Bg7 4. g3 O-O 5. Bg2 d6 6. O-O e5 7. d3 Re8 8. h3 c6
9. e4 Nbd7 10. Nh2 Nc5 11. Be3 Ne6 12. Qd2 Nd4 13. f4 Nh5 14. Qf2 f5 15. Rae1
Be6 16. Bxd4 exd4 17. exf5 gxf5 18. Ne2 Qb6 19. g4 Nf6 20. Ng3 fxg4 21. f5 Bf7
22. Nxg4 d5 23. b3 Qc7 24. Qf3 Kh8 25. Kh1 Re7 26. cxd5 cxd5 27. Nxf6 Bxf6 28.
Nh5 Bxh5 29. Qxh5 Rxe1 30. Rxe1 Qg3 31. Re8+ Rxe8 32. Qxe8+ Kg7 33. Qd7+ Kh6
34. Qe6 Kg7 35. Qe2 Qe5 36. Qxe5 Bxe5 37. Bxd5 b6 38. Kg2 Kf6 39. Be6 h6 40.
Kf3 Ke7 41. Ke4 Kd6 42. Bc8 a5 43. Ba6 Bf6 44. Kf4 Bg5+ 45. Ke4 Bf6 46. h4 Be5
47. Bb7 Bf6 48. Bc8 Be5 49. Kf3 Ke7 50. Be6 Bf6 51. Kg4 Kf8 52. Kf4 Ke7 53. Bc8
b5 54. a3 b4 55. a4 Bxh4 56. Ke5 Bf6+ 57. Kd5 h5 58. Kc5 Kf7 59. Be6+ Kg7 60.
Bd5 h4 61. Bg2 Kf7 62. Kd5 Kf8 1/2-1/2

[Event "Portugal ch 2011"]
[Site "Amadora POR"]
[Date "2011.09.08"]
[Round "6.5"]
[White "Vasques, Antonio Pedro Freix"]
[Black "Santos, Antonio MLF Pereira"]
[Result "0-1"]
[PlyCount "116"]
[EventDate "2011.09.03"]
[EventType "tourn"]
[EventRounds "9"]
[EventCountry "POR"]
[EventCategory "1"]
[Source "lmi"]
[SourceDate "2011.09.03"]
[WhiteElo "2200"]
[BlackElo "2336"]

1. e4 c5 2. Nf3 Nc6 3. d4 cxd4 4. Nxd4 Qb6 5. Nb3 Nf6 6. Nc3 e6 7. Be3 Qc7 8.
g3 a6 9. Bg2 d6 10. a4 Ne5 11. O-O Nc4 12. Bc1 Be7 13. f4 O-O 14. Kh1 Bd7 15.
g4 h6 16. g5 hxg5 17. fxg5 Nh7 18. Qh5 g6 19. Qh6 Qd8 20. e5 Nxe5 21. Ne4 d5
22. Rf4 Bxg5 23. Nxg5 Qxg5 24. Qh3 Qe7 25. Rh4 f6 26. Be3 Rac8 27. Bc5 Rxc5 28.
Nxc5 Ng5 29. Rh8+ Kg7 30. Qh6+ Kf7 31. Nxb7 Rxh8 32. Qxh8 Be8 33. Rf1 Ng4 34.
Bh3 Qxb7 35. Bxg4 Qxb2 36. h4 Ne4 37. h5 Ng3+ 38. Kg2 Nxh5 39. Bxh5 gxh5 40.
Qxh5+ Ke7 41. Qh7+ Bf7 42. Qd3 f5 43. Rf2 Qg7+ 44. Kh2 Qe5+ 45. Qg3 Qxg3+ 46.
Kxg3 Kf6 47. Rf4 e5 48. Rb4 f4+ 49. Kf2 e4 50. Rb6+ Ke5 51. Rxa6 e3+ 52. Ke1 f3
53. Rh6 f2+ 54. Kf1 d4 55. Rc6 Be6 56. Rc5+ Ke4 57. Ke2 Bg4+ 58. Kf1 Bh3+ 0-1

[Event "Portugal ch 2011"]
[Site "Amadora POR"]
[Date "2011.09.09"]
[Round "7.1"]
[White "Santos, Antonio MLF Pereira"]
[Black "Guerra, Vitor Manuel Vestia"]
[Result "0-1"]
[WhiteElo "2336"]
[BlackElo "2202"]
[PlyCount "57"]
[EventDate "2011.09.03"]
[EventType "tourn"]
[EventRounds "9"]
[EventCountry "POR"]
[EventCategory "1"]
[Source "lmi"]
[SourceDate "2011.09.03"]

1. d4 d5 2. c4 e5 3. dxe5 d4 4. Nf3 Nc6 5. a3 a5 6. g3 Bc5 7. Bg2 Nge7 8. O-O
Ng6 9. Qa4 Bd7 10. Qb5 b6 11. Qb3 Qe7 12. Bg5 Qe6 13. Nbd2 h6 14. Bf4 Nxf4 15.
gxf4 Qg4 16. Ne4 Rb8 17. e3 O-O 18. exd4 Nxd4 19. Qd3 Nxf3+ 20. Qxf3 Qxf3 21.
Bxf3 Bd4 22. Rad1 c5 23. Rxd4 cxd4 24. Rd1 Bc6 25. Kg2 Rbd8 26. Nd6 Bxf3+ 27.
Kxf3 f6 28. Ke4 fxe5 29. fxe5 0-1

[Event "Portugal ch 2011"]
[Site "Amadora POR"]
[Date "2011.09.09"]
[Round "7.2"]
[White "Neves, Pedro Alexandre Mai"]
[Black "Vasques, Antonio Pedro Freix"]
[Result "1/2-1/2"]
[WhiteElo "2218"]
[BlackElo "2200"]
[PlyCount "52"]
[EventDate "2011.09.03"]
[EventType "tourn"]
[EventRounds "9"]
[EventCountry "POR"]
[EventCategory "1"]
[Source "lmi"]
[SourceDate "2011.09.03"]

1. Nf3 Nf6 2. c4 d6 3. Nc3 g6 4. g3 Bg7 5. Bg2 O-O 6. O-O c6 7. d4 Qa5 8. Bg5
h6 9. Bxf6 Bxf6 10. Qd2 Bg7 11. e4 e5 12. dxe5 dxe5 13. Rad1 Qc7 14. b3 Re8 15.
Na4 Nd7 16. Bh3 Nf8 17. Bxc8 Raxc8 18. Qd6 Qxd6 19. Rxd6 Rcd8 20. Rfd1 Ne6 21.
Kf1 Kf8 22. Rxd8 Rxd8 23. Rxd8+ Nxd8 24. Nc5 Ke7 25. Ke2 Kd6 26. Nd3 Ne6
1/2-1/2

[Event "Portugal ch 2011"]
[Site "Amadora POR"]
[Date "2011.09.09"]
[Round "7.3"]
[White "Ulyanovskyy, Volodimir V"]
[Black "Dias, Paulo Jorge Guimara"]
[Result "0-1"]
[WhiteElo "2085"]
[BlackElo "2443"]
[PlyCount "100"]
[EventDate "2011.09.03"]
[EventType "tourn"]
[EventRounds "9"]
[EventCountry "POR"]
[EventCategory "1"]
[Source "lmi"]
[SourceDate "2011.09.03"]

1. e4 e5 2. Nf3 Nc6 3. Bb5 Nd4 4. Nxd4 exd4 5. c3 Bc5 6. O-O c6 7. Bc4 d5 8.
exd5 cxd5 9. Bb5+ Bd7 10. Qe2+ Ne7 11. Re1 O-O 12. Bxd7 Qxd7 13. cxd4 Bxd4 14.
d3 Rfe8 15. Nc3 Nc6 16. Qd1 Rxe1+ 17. Qxe1 Re8 18. Qf1 Ne5 19. Bf4 Qf5 20. Bxe5
Qxe5 21. Rc1 g6 22. Rc2 Rc8 23. Re2 Qf5 24. Nb5 Qxd3 25. Re8+ Rxe8 26. Qxd3
Re1+ 27. Qf1 Rxf1+ 28. Kxf1 Bxb2 29. Nxa7 Kf8 30. Nc8 Bd4 31. Nd6 b6 32. Nb5
Be5 33. Na7 Ke8 34. Nc6 Bc3 35. Ke2 Kd7 36. Na7 Be5 37. h3 Kd6 38. Kd3 Kc5 39.
Nc8 Bd6 40. g4 b5 41. f4 Bxf4 42. Ne7 Bg5 43. Ng8 h5 44. h4 Bxh4 45. gxh5 gxh5
46. Nh6 f6 47. Nf5 Bg5 48. Nd4 h4 49. Nf3 h3 50. Kc3 Bf4 0-1

[Event "Portugal ch 2011"]
[Site "Amadora POR"]
[Date "2011.09.09"]
[Round "7.4"]
[White "Pinho, Paulo Miguel L Gome"]
[Black "Cordovil, Joao Maria Da Camar"]
[Result "1-0"]
[WhiteElo "2168"]
[BlackElo "2184"]
[PlyCount "47"]
[EventDate "2011.09.03"]
[EventType "tourn"]
[EventRounds "9"]
[EventCountry "POR"]
[EventCategory "1"]
[Source "lmi"]
[SourceDate "2011.09.03"]

1. d4 d5 2. c4 c6 3. Nf3 Nf6 4. Nc3 a6 5. g3 b5 6. b3 e6 7. Bg2 Nbd7 8. O-O Bd6
9. Qc2 b4 10. Na4 a5 11. Nd2 Bb7 12. e4 Be7 13. e5 Ng8 14. f4 g6 15. g4 h5 16.
f5 Bg5 17. fxe6 Be3+ 18. Kh1 Nxe5 19. dxe5 hxg4 20. exf7+ Kd7 21. Nf3 gxf3 22.
Bxe3 fxg2+ 23. Qxg2 Ne7 24. Qg4+ 1-0

[Event "Portugal ch 2011"]
[Site "Amadora POR"]
[Date "2011.09.09"]
[Round "7.5"]
[White "Padeiro, Jose Joao Tato"]
[Black "Fernandes, Antonio Manuel De A"]
[Result "1/2-1/2"]
[WhiteElo "2301"]
[BlackElo "2409"]
[PlyCount "49"]
[EventDate "2011.09.03"]
[EventType "tourn"]
[EventRounds "9"]
[EventCountry "POR"]
[EventCategory "1"]
[Source "lmi"]
[SourceDate "2011.09.03"]

1. e4 d6 2. d4 Nf6 3. Nc3 g6 4. Nf3 Bg7 5. Be2 O-O 6. O-O c6 7. a4 Bg4 8. Be3
Nbd7 9. Nd2 Bxe2 10. Qxe2 d5 11. e5 Ne8 12. f4 f5 13. a5 e6 14. b4 Qe7 15. Na4
Nc7 16. Nc5 b6 17. Nxd7 Qxd7 18. c3 Rfb8 19. Nb3 Bf8 20. Ra2 Qc8 21. Rfa1 Be7
22. h3 Kh8 23. g4 Qf8 24. g5 h5 25. h4 1/2-1/2

[Event "Portugal ch 2011"]
[Site "Amadora POR"]
[Date "2011.09.10"]
[Round "8.1"]
[White "Guerra, Vitor Manuel Vestia"]
[Black "Fernandes, Antonio Manuel De A"]
[Result "0-1"]
[WhiteElo "2202"]
[BlackElo "2409"]
[PlyCount "56"]
[EventDate "2011.09.03"]
[EventType "tourn"]
[EventRounds "9"]
[EventCountry "POR"]
[EventCategory "1"]
[Source "lmi"]
[SourceDate "2011.09.03"]

1. d4 Nf6 2. c4 c5 3. d5 e6 4. Nc3 exd5 5. cxd5 d6 6. e4 g6 7. Bd3 Bg7 8. Nge2
O-O 9. O-O Na6 10. Bd2 Ng4 11. f4 c4 12. Bxc4 Qb6+ 13. Kh1 Nf2+ 14. Rxf2 Qxf2
15. Bxa6 bxa6 16. Qg1 Qxg1+ 17. Kxg1 Bg4 18. Ng3 Rab8 19. Rb1 Rfc8 20. e5 dxe5
21. h3 Bd7 22. fxe5 Bxe5 23. Nge2 Bf5 24. Rd1 Rxb2 25. Be1 Rc2 26. g4 Bd7 27.
Rd3 Bb5 28. Nxb5 Rxe2 0-1

[Event "Portugal ch 2011"]
[Site "Amadora POR"]
[Date "2011.09.10"]
[Round "8.2"]
[White "Cordovil, Joao Maria Da Camar"]
[Black "Padeiro, Jose Joao Tato"]
[Result "0-1"]
[WhiteElo "2184"]
[BlackElo "2301"]
[PlyCount "102"]
[EventDate "2011.09.03"]
[EventType "tourn"]
[EventRounds "9"]
[EventCountry "POR"]
[EventCategory "1"]
[Source "lmi"]
[SourceDate "2011.09.03"]

1. e4 c5 2. Nf3 d6 3. d4 cxd4 4. Nxd4 Nf6 5. Nc3 g6 6. Be2 Bg7 7. O-O O-O 8.
Be3 Nc6 9. Nb3 b6 10. Qd2 Re8 11. f4 Bb7 12. Rad1 Rc8 13. g4 Na5 14. Nxa5 bxa5
15. Bf3 Qc7 16. Rf2 Bc6 17. b3 Qb7 18. Nd5 a4 19. e5 dxe5 20. fxe5 Nd7 21. Nf6+
Nxf6 22. Bxc6 Rxc6 23. exf6 Rd6 24. Qe2 Rxd1+ 25. Qxd1 Bxf6 26. g5 Bg7 27. Qg4
axb3 28. axb3 Rd8 29. b4 a6 30. Bc5 e6 31. c4 h5 32. gxh6 Bxh6 33. Qh4 Rd1+ 34.
Rf1 Rxf1+ 35. Kxf1 Qf3+ 36. Qf2 Qh1+ 37. Qg1 Qe4 38. Qd4 Qf3+ 39. Ke1 Bg5 40.
b5 Bf6 41. Qf2 Qc3+ 42. Kd1 axb5 43. cxb5 Qd3+ 44. Qd2 Qxb5 45. Qd6 Qb1+ 46.
Ke2 Qe4+ 47. Kf1 Bg7 48. Qd8+ Kh7 49. Bf2 Qh1+ 50. Bg1 Qf3+ 51. Bf2 Bf6 0-1

[Event "Portugal ch 2011"]
[Site "Amadora POR"]
[Date "2011.09.10"]
[Round "8.3"]
[White "Dias, Paulo Jorge Guimara"]
[Black "Pinho, Paulo Miguel L Gome"]
[Result "1-0"]
[WhiteElo "2443"]
[BlackElo "2168"]
[PlyCount "53"]
[EventDate "2011.09.03"]
[EventType "tourn"]
[EventRounds "9"]
[EventCountry "POR"]
[EventCategory "1"]
[Source "lmi"]
[SourceDate "2011.09.03"]

1. d4 f5 2. g3 Nf6 3. Bg2 g6 4. c3 Bg7 5. Nd2 O-O 6. Qb3+ d5 7. Nh3 c6 8. O-O
Na6 9. Nf3 Kh8 10. Ne5 Nd7 11. f4 e6 12. Be3 Nxe5 13. fxe5 c5 14. c4 cxd4 15.
Bxd4 dxc4 16. Qxc4 Nb8 17. Rfd1 Qa5 18. b4 Qa4 19. Rac1 Nd7 20. Nf4 Re8 21. e4
Nb6 22. Qb3 Bd7 23. Rc7 Qa6 24. Bf1 Bb5 25. Nxe6 Bxf1 26. Rxf1 Rxe6 27. Qxe6
1-0

[Event "Portugal ch 2011"]
[Site "Amadora POR"]
[Date "2011.09.11"]
[Round "9.1"]
[White "Neves, Pedro Alexandre Mai"]
[Black "Guerra, Vitor Manuel Vestia"]
[Result "1-0"]
[WhiteElo "2218"]
[BlackElo "2202"]
[PlyCount "117"]
[EventDate "2011.09.03"]
[EventType "tourn"]
[EventRounds "9"]
[EventCountry "POR"]
[EventCategory "1"]
[Source "lmi"]
[SourceDate "2011.09.03"]

1. Nf3 e6 2. c4 d5 3. g3 c6 4. b3 b5 5. Bg2 Nf6 6. O-O Be7 7. Bb2 O-O 8. d3 a5
9. Nbd2 Ba6 10. Re1 Nbd7 11. Qc2 bxc4 12. dxc4 Qb6 13. e4 Ng4 14. Re2 Bc5 15.
Rf1 Rab8 16. h3 Ngf6 17. Ne1 a4 18. Nd3 axb3 19. axb3 dxc4 20. bxc4 Bd4 21.
Bxd4 Qxd4 22. e5 Nd5 23. Re4 Qc3 24. Qxc3 Nxc3 25. Re3 Nb6 26. Rc1 Nba4 27.
Bxc6 Bb7 28. Bxb7 Rxb7 29. Ne4 Nxe4 30. Rxe4 Rd8 31. c5 Rxd3 32. Rxa4 Kf8 33.
c6 Rc7 34. Ra8+ Ke7 35. Rh8 Rd5 36. Rxh7 g6 37. f4 Rd2 38. Rh8 Rd8 39. Rxd8
Kxd8 40. Rd1+ Ke8 41. Rd6 Ra7 42. Kf2 Ra2+ 43. Kf3 Rc2 44. Kg4 Kf8 45. Kg5 Kg7
46. g4 Rc5 47. Kh4 Rc3 48. f5 gxf5 49. gxf5 exf5 50. Kg5 Rxh3 51. c7 Rc3 52.
Rd7 Rc6 53. Kxf5 Rc5 54. Re7 Kf8 55. Kf6 Rc6+ 56. e6 Rc2 57. Rxf7+ Ke8 58. Re7+
Kf8 59. Rd7 1-0

[Event "Portugal ch 2011"]
[Site "Amadora POR"]
[Date "2011.09.11"]
[Round "9.3"]
[White "Pinho, Paulo Miguel L Gome"]
[Black "Vasques, Antonio Pedro Freix"]
[Result "1-0"]
[WhiteElo "2168"]
[BlackElo "2200"]
[PlyCount "59"]
[EventDate "2011.09.03"]
[EventType "tourn"]
[EventRounds "9"]
[EventCountry "POR"]
[EventCategory "1"]
[Source "lmi"]
[SourceDate "2011.09.03"]

1. d4 Nf6 2. c4 g6 3. Nc3 Bg7 4. e4 d6 5. Nf3 O-O 6. Be2 Na6 7. O-O e5 8. Rb1
c6 9. Re1 exd4 10. Nxd4 Nc5 11. Bf3 a5 12. Bf4 Re8 13. Nb3 Nxb3 14. axb3 Bf8
15. Qd4 Bg4 16. Bg5 Be7 17. e5 dxe5 18. Qxd8 Bxd8 19. Bxf6 Bf5 20. Bxd8 Bxb1
21. Bc7 Bc2 22. Bd1 Bd3 23. Rxe5 b5 24. cxb5 cxb5 25. f4 Rec8 26. Nd5 Ra7 27.
Ne7+ Kf8 28. Bd6 Rd8 29. Bc5 Rc7 30. Nc6+ 1-0

[Event "Portugal ch 2011"]
[Site "Amadora POR"]
[Date "2011.09.11"]
[Round "9.4"]
[White "Padeiro, Jose Joao Tato"]
[Black "Dias, Paulo Jorge Guimara"]
[Result "1/2-1/2"]
[WhiteElo "2301"]
[BlackElo "2443"]
[PlyCount "20"]
[EventDate "2011.09.03"]
[EventType "tourn"]
[EventRounds "9"]
[EventCountry "POR"]
[EventCategory "1"]
[Source "lmi"]
[SourceDate "2011.09.03"]

1. d4 d5 2. c4 c6 3. cxd5 cxd5 4. Nf3 Nf6 5. Nc3 Nc6 6. Bf4 a6 7. e3 Bf5 8. Bd3
Bxd3 9. Qxd3 e6 10. O-O Bd6 1/2-1/2

[Event "Portugal ch 2011"]
[Site "Amadora POR"]
[Date "2011.09.11"]
[Round "9.5"]
[White "Fernandes, Antonio Manuel De A"]
[Black "Cordovil, Joao Maria Da Camar"]
[Result "1-0"]
[WhiteElo "2409"]
[BlackElo "2184"]
[PlyCount "85"]
[EventDate "2011.09.03"]
[EventType "tourn"]
[EventRounds "9"]
[EventCountry "POR"]
[EventCategory "1"]
[Source "lmi"]
[SourceDate "2011.09.03"]

1. d4 Nc6 2. Nf3 d5 3. Bf4 e6 4. e3 Bd6 5. Bg3 Nf6 6. c4 Ne4 7. Nc3 Bb4 8. Rc1
O-O 9. Bd3 f5 10. O-O Bxc3 11. bxc3 b6 12. cxd5 Nxg3 13. hxg3 exd5 14. c4 Be6
15. cxd5 Bxd5 16. Bc4 Bxc4 17. Rxc4 Na5 18. Rc3 Rc8 19. Qc2 Qd6 20. Rc1 c6 21.
Ne5 Rf6 22. Qe2 Rc7 23. Qf3 Qe6 24. R3c2 h6 25. Nd3 Qd6 26. Qf4 Qxf4 27. gxf4
Kf8 28. Kf1 Ke8 29. Ne5 Kd8 30. Ke2 Kc8 31. g4 fxg4 32. Nxg4 Rd6 33. Ne5 Kb7
34. f5 Rd5 35. Kd3 Re7 36. f4 Rd6 37. Rg1 Rf6 38. e4 Rd6 39. Rg6 Rxg6 40. fxg6
Rc7 41. f5 c5 42. d5 Re7 43. f6 1-0